Capuchinho Vermelho (Registo nº 4043)

Detalhes MARC
000 -Etiqueta do registo
Cabeçalho 00746nam0a2200241 4500
005 - Identificador da versão
Campo de controlo 20240903104402.0
010 ## - Número internacional normalizado dos livros (ISBN)
Número (ISBN) 9722600060
100 ## - Dados gerais de processamento
Dados gerais de processamento 20161124d1996 bc.y0pory5003 ba
101 1# - Língua de publicação
Língua do texto, banda sonora, etc. Português
Língua do documento no original Francês
102 ## - Pais de publicação ou produção
País de publicação Portugal
200 1# - Titulo e menção de responsabilidade
Título próprio Capuchinho Vermelho
Primeira menção de responsabilidade [Charles Perrault]
Outras menções de responsabilidade adaptação Eileen
-- trad. M. Alice Moura Bessa
210 ## - Publicação, Distribuição, etc. 
Lugar da edição, distribuição, etc. [S. l.]
Nome do editor, distribuidor, etc. Civilização
Data da publicação, distribuição, etc. cop. 1979
-- imp. 1996
215 ## - Descrição física 
Indicação específica da natureza do documento e extensão da espécie 20 p.
Outras indicações físicas il. color
225 1# - Colecção 
Título próprio da colecção As crianças e a fábula
Indicação de volume 4
606 ## - Nome comum usado como assunto
Número de registo de entrada de autoridade 0001419
Palavra de ordem Literatura francesa
Subdivisão de assunto Conto
Código do sistema CA
675 ## - Classificação Decimal Universal (CDU)
Notação 821.133.1-34
Edição 3ª ed.
Língua da edição por
700 #1 - Nome de autor-pessoa física (responsabilidade principal)
Número de registo de entrada de autoridade 0001420
Palavra de ordem Perrault
Outra parte do nome não tomada para palavra de ordem Charles
Datas 1628-1703
702 #1 - Nome de autor-pessoa física (responsabilidade secundária)
Número de registo de entrada de autoridade 0000540
Palavra de ordem Bessa
Outra parte do nome não tomada para palavra de ordem Maria Alice Moura
Código de função Tradutor
Número de registo de entrada de autoridade 0000517
Palavra de ordem Eileen
Código de função Adaptador
942 ## - Elementos de entrada adicionados (Koha)
Tipo de item no Koha Livro
966 ## - Identificação da Biblioteca
Sigla EBVEN
Exemplares
Situação do levantamento Origin of item (home branch) (coded) Biblioteca de empréstimo Código de barras Cota Circulation type (not for loan) Tipo de documento Nota do exemplar Damaged status
  Biblioteca Escolar das Vendas Biblioteca Escolar das Vendas BEV27 8EST CAP   Livro Sem mensagem